It looks like you're offline.
Open Library logo
additional options menu

MARC record from Internet Archive

LEADER: 00754nam 2200193K 45e0
001 522214
005 20010614110151.0
008 990105s1840 enk 000 0 eng d
035 $a(OCoLC)ocm40566887
040 $aJET$cJET
090 $aBR165$b.C38 1840
049 $aPTSS
100 1 $aCave, William,$d1637-1713.
245 10 $aPrimitive Christianity;$bor, the religion of the ancient Christians in the first ages of the Gospel. To which is added a dissertation concerning the government of the ancient church by bishops, metropolitans, and patriarchs /$cby William Cave.
250 $aA new ed., carefully rev.,$bby Henry Cary.
260 $aOxford,$bThomas Tegg,$c1840.
300 $axiv, 464 p.$c22 cm.
700 1 $aCary, Henry,$d1804-1870,$eed.
994 $aE0$bPTS